000
00248nam a2200097Ia 4500
008
240331s9999 xx 000 0 und d
082
_b
AGA
100
_a
Agrawal, B
245
2
_a
A field of one's own :
_b
gender and land rights in South Asia
942
_c
L
999
_c
2519
_d
2519